| 000 | 00833nam a22001577a 4500 | ||
|---|---|---|---|
| 003 | OSt | ||
| 005 | 20151206155339.0 | ||
| 008 | 151206b xxu||||| |||| 00| 0 eng d | ||
| 040 | _cRUA | ||
| 082 | _aFIS HOE 2005 B177 Or.1 | ||
| 100 |
_94424 _aHOEUNG POLIN; ហឿង ប៉ូលីន |
||
| 245 | _aThe effect of feed formulated chicken's intestine with rice-bran and pellet on the growth of anabas testusdineus in hapa; ឥទ្ធិពលនៃការប្រើប្រាស់ចំណីផ្សំពោះវៀនមាន់ជាមួយកន្ទក់ និងចំណីគ្រាប់ទៅលើការលូតលាស់របស់ត្រីក្រាញ់ នៅក្នុងហាប៉ា. | ||
| 260 |
_aPhnom Penh _bRUA _c2005 |
||
| 300 |
_aix; 38p. _bill. _c29cm. |
||
| 942 |
_2ddc _cATM |
||
| 999 |
_c4125 _d4125 |
||